000 00307nam a22001337a 4500
008 170627b xxu||||| |||| 00| 0 eng d
020 _a9780195044621
041 _aeng
080 _a32
100 _a21
101 _aSHP
245 _aTHE AMERICAN INTELLECTUAL TRADITION
_cHOLLINGER,D.A
942 _2udc
_cBK
999 _c19129
_d19129